00383nam a2200109 4500008004100000082001600041110004900057245004600106260008400152300001000236650002700246240118b |||||||| |||| 00| 0 eng d a341.48bSRI aSri Lanka, Government information department aHuman rights in Sri Lanka:bStatus report aColombo:bGovernment information department, Overseas publicity division,c1992 a25 p. aHUMAN RIGHTS-Sri Lanka